Statistics for Scottish Professional Football League (SPFL) Teams

Click here to take the quiz!

General Stats

  • This quiz has been taken 1,504 times
    (1,332 since last reset)
  • The average score is 31 of 42

Answer Stats

DivisionTeam% Correct
Celtic
99%
PremiershipAberdeen
98%
Rangers
97%
Dundee
96%
Heart of Midlothian
96%
Dundee United
94%
Hibernian
92%
Inverness Caledonian Thistle
90%
Kilmarnock
89%
Motherwell
86%
Hamilton Academical
83%
Partick Thistle
83%
St Johnstone
83%
St Mirren
81%
Ross County
79%
Falkirk
78%
Queen of the South
76%
Ayr United
73%
Livingston
73%
Queen's Park
70%
Raith Rovers
70%
Greenock Morton
70%
ChampionshipAlloa Athletic
69%
Dunfermline Athletic
69%
Stirling Albion
68%
Berwick Rangers
67%
Clyde
67%
East Fife
66%
Arbroath
64%
Forfar Athletic
62%
League OneAirdrieonians
62%
Peterhead
61%
Dumbarton
61%
East Stirlingshire
60%
Elgin City
60%
Stenhousemuir
58%
League TwoAnnan Athletic
57%
Cowdenbeath
56%
Montrose
56%
Stranraer
55%
Brechin City
55%
Albion Rovers
54%

Score Distribution

Percentile by Number Answered

Percent of People with Each Score

Your Score History

You have not taken this quiz since the last reset